00861nam a2200229Ia 4500003000900000008004100009040001300050040001300063041000800076100002100084245004100105250001200146260000900158260000900167300001200176490002200188490000700210600020600217942000700423999001300430952018800443IT-RoPAU120407s9999 xx 000 0 und d aIT-RoPAU cIT-RoPAU aita aNicola Abbagnano aStoria della filosofia 2 ed. rielab. aTorino  aUtet c1969 c26.5 cm aFilosofia. Storia v11 a"1. Filosofia antica, patristica, scolastica. 2. Filosofia del Rinascimento e moderna dei secoli XVII e XVIII. 3. Filosofia del Romanticismo e tra il secolo XIX e il XX. 4. La filosofia contemporanea." cBK c419d419 00102ddc406109_25000000000000071aPAULUSbPAULUSd2012-04-11l0o109.25r2012-04-11 00:00:00w2012-04-11yBKzInserito da: Sergio In data: n.d. fondo: Via A. Severo 56 Progr:33681